| 000 | 00693cad a2200181 a 4500 | ||
|---|---|---|---|
| 082 |
_a973.04 _bAME |
||
| 100 | 1 | _aCommager, Henry Steele, | |
| 245 | 1 | 0 |
_aAmerica in perspective _bthe United States through foreign eyes / _cedited, with an introduction and notes, by Henry Steele Commager. |
| 260 |
_aNew York : _bNew American Library, _cc1947. |
||
| 300 |
_axxii, 336 p. ; _c22 cm. |
||
| 500 | _a"A Mentor book." | ||
| 526 |
_a0 _b0 _c0 _d973_040000000000000_AME |
||
| 650 | 0 |
_aMCE _9379 |
|
| 650 | 0 |
_aNational characteristics, American. _98029 |
|
| 710 | 2 |
_aAmerican Council of Learned Societies. _950724 |
|
| 856 | 4 | 0 | _uhttp://www.columbia.edu/cgi-bin/cul/resolve?clio8861007 |
| 942 |
_2ddc _cBK |
||
| 999 |
_c553477 _d553477 |
||